000
00265nam a22000977a 4500
008
230726b |||||||| |||| 00| 0 eng d
082
_a
333.95
245
_a
Trainer Manual: Curriculum 5;
_b
School-based prevention interventions
300
_a
619 p.
_c
28 cm
942
_2
ddc
999
_c
9617
_d
9618